000 00884 am a2200289ua 4500
999 _c3165
_d3165
001 011308463
003 OSt
005 20231027075713.0
008 010830r20011961enk || 001 ||eng
015 _aGBA148576
_2bnb
020 _a014013672X (pbk.)
020 _a9780140136722
039 0 _a2657
040 _aUk
_cUk
_dKH8
082 0 4 _a940.5311 TAY
_221
100 1 _aTaylor, A. J. P.
_q(Alan John Percivale),
_d1906-1990,
_eauthor.
245 1 4 _aThe origins of the Second World War /
_cA. J. P. Taylor.
260 _aLondon :
_bPenguin,
_c[2001?]
300 _a357 p. ;
_c20 cm.
336 _atext
_2rdacontent
337 _aunmediated
_2rdamedia
338 _avolume
_2rdacarrier
500 _aOriginally published: London: Hamish Hamilton, 1961.
504 _aIncludes bibliographical references and index.
650 0 _aWorld War, 1939-1945
_xCauses.
942 _2ddc
_cTR